000 00569 a2200205 4500
003 0000
005 20260407131755.0
040 _erda
050 _aG 70.4
_b .G46 2024
100 _4Editor
_aShekhar, Sulochana
245 _aGeoinformatics for Sustainable Urban Development/
_cKumar, Deepak
264 _aBoca Raton
_bCRC Press
_c2024
300 _axiii, 361p.
_bill.:
336 _2rdacontent
338 _2rdacarrier
500 _aIncludes Index and References
501 _aIncludes Index and References
700 _4Editor
_aKumar Deepak
942 _2lcc
_cBK
999 _c44273
_d44273